[Event "Belp op"]
[Site "Belp"]
[Date "2015.05.24"]
[Round "3"]
[White "Rickly, Matthieu"]
[Black "Naegelin, Lars"]
[Result "1/2-1/2"]
[WhiteElo "2065"]
[BlackElo "1923"]
[PlyCount "142"]
[EventDate "2015.05.23"]
[EventType "swiss"]
[EventRounds "5"]
[EventCountry "SUI"]
[SourceTitle "EXT 2016"]
[Source "ChessBase"]
[SourceDate "2015.10.08"]
[SourceVersion "1"]
[SourceVersionDate "2015.10.08"]
[SourceQuality "1"]

1. e4 c5 2. Nf3 d6 3. d4 cxd4 4. Nxd4 Nf6 5. Nc3 a6 6. h3 h5 7. Be3 Nc6 8. Be2 e6 9. 0-0 Be7 10. Qd2 Bd7 11. f4 h4 12. f5 e5 13. Nf3 Nh5 14. Nd5 Ng3 15. Bb6 Qc8 16. Nc7+ Kf8 17. Bc4 Nd8 18. Rfe1 Rb8 19. Rad1 Bc6 20. Bd5 Qd7 21. Qf2 Bxd5 22. Nxd5 Rc8 23. f6 Bxf6 24. Nxf6 gxf6 25. Nxh4 Rxh4 26. Qxg3 Rh8 27. Qd3 Ke7 28. Rf1 Ne6 29. Be3 Rcg8 30. Rf3 Rg6 31. Rdf1 Rhg8 32. R1f2 Qc6 33. h4 Nc5 34. Bxc5 Qxc5 35. Kf1 Rh8 36. g3 Rhh6 37. Qb3 Qc6 38. Re2 Rh8 39. Rc3 Qd7 40. Ke1 Rc8 41. Ree3 Rgg8 42. Qd5 Rxc3 43. Rxc3 Rc8 44. Kd2 Rxc3 45. Kxc3 Qg4 46. Qxb7+ Ke8 47. Qc6+ Ke7 48. Qc7+ Ke8 49. Qb8+ Ke7 50. Qa7+ Ke8 51. Qe3 f5 52. exf5 Qxf5 53. Kd2 Qg4 54. b3 Qh3 55. Qf3 Qc8 56. c4 Ke7 57. g4 Qc5 58. Qe3 Qa3 59. Qg5+ f6 60. Qg7+ Ke6 61. Qg8+ Ke7 62. Qh7+ Ke6 63. Qc2 Qb4+ 64. Ke2 Qc5 65. h5 Qg1 66. Qf5+ Ke7 67. h6 Qh2+ 68. Kf3 Qh1+ 69. Ke3 Qxh6+ 70. Ke4 Qh1+ 71. Qf3 Qb1+ 1/2-1/2

[Event "Belp op"]
[Site "Belp"]
[Date "2015.05.23"]
[Round "1"]
[White "Achermann, Franz"]
[Black "Naegelin, Lars"]
[Result "0-1"]
[WhiteElo "1496"]
[BlackElo "1923"]
[PlyCount "64"]
[EventDate "2015.05.23"]
[EventType "swiss"]
[EventRounds "5"]
[EventCountry "SUI"]
[SourceTitle "EXT 2016"]
[Source "ChessBase"]
[SourceDate "2015.10.08"]
[SourceVersion "1"]
[SourceVersionDate "2015.10.08"]
[SourceQuality "1"]

1. e4 c5 2. Nc3 d6 3. f4 e6 4. Nf3 Be7 5. Bc4 Nf6 6. a3 a6 7. 0-0 0-0 8. d3 b5 9. Ba2 Nc6 10. Qe1 Bb7 11. f5 exf5 12. exf5 d5 13. Bf4 Re8 14. Qg3 Nh5 15. Qg4 Nxf4 16. Qxf4 Bd6 17. Qg4 Ne5 18. Qh5 Nxf3+ 19. Rxf3 Be5 20. Raf1 Bd4+ 21. Kh1 h6 22. Rg3 Bxc3 23. bxc3 Qf6 24. c4 bxc4 25. dxc4 d4 26. Bb1 Re7 27. Rd3 Rae8 28. Qh3 Re2 29. Rg1 Be4 30. Rb3 Qxf5 31. Qg3 Rxg2 32. Rxg2 Qf1# 0-1

[Event "Verbandsliga Suedbaden 1415"]
[Site "Baden"]
[Date "2015.02.08"]
[Round "6.7"]
[White "Merklinger, Markus"]
[Black "Naegelin, Lars"]
[Result "1/2-1/2"]
[WhiteElo "2112"]
[BlackElo "1705"]
[PlyCount "109"]
[EventDate "2014.10.12"]
[EventType "team-tourn"]
[EventRounds "9"]
[EventCountry "GER"]
[SourceTitle "EXT 2022"]
[Source "ChessBase"]
[SourceDate "2021.10.06"]
[SourceVersion "1"]
[SourceVersionDate "2021.10.06"]
[SourceQuality "1"]
[WhiteTeam "Kuppenheim"]
[BlackTeam "Dreilaendereck"]
[WhiteTeamCountry "GER"]
[BlackTeamCountry "GER"]

1. e4 c5 2. Nf3 d6 3. c3 Nf6 4. Be2 Bd7 5. d3 Nc6 6. 0-0 e6 7. h3 Be7 8. Be3 0-0 9. Nbd2 Rc8 10. a3 a5 11. d4 cxd4 12. cxd4 Re8 13. Qb3 h6 14. Rac1 d5 15. e5 Nh7 16. Bd3 Ng5 17. Nxg5 Bxg5 18. f4 Be7 19. Bb1 Bf8 20. f5 exf5 21. Qxd5 Be6 22. Qxd8 Rexd8 23. Nf3 Ne7 24. Bd2 Nc6 25. Be3 Ne7 26. Bf2 Nd5 27. Bd3 Nf4 28. Bb5 Be7 29. Be3 Nd5 30. Bd2 b6 31. Ba6 Rc7 32. Kf2 g5 33. Bd3 Rdc8 34. Ba6 Rxc1 35. Rxc1 Rxc1 36. Bxc1 Kg7 37. Bd3 g4 38. Nh2 gxh3 39. gxh3 f4 40. Bf1 Bh4+ 41. Kf3 Bg3 42. Ng4 h5 43. Nf2 Kg6 44. Nd3 Kg5 45. Ke4 h4 46. Bd2 Bh2 47. Bc1 Bg3 48. Bd2 f5+ 49. exf6 Nxf6+ 50. Ke5 Bf5 51. d5 a4 52. Bc1 Bh2 53. Bd2 Bg3 54. Bc1 Bh2 55. Bd2 1/2-1/2

[Event "SUI-ch U14"]
[Site "Cham"]
[Date "2014.07.05"]
[Round "5"]
[White "Baenziger, Fabian"]
[Black "Naegelin, Lars"]
[Result "1-0"]
[WhiteElo "2019"]
[BlackElo "1838"]
[PlyCount "149"]
[EventDate "2014.07.03"]
[EventType "swiss"]
[EventRounds "7"]
[EventCountry "SUI"]
[SourceTitle "CBM 161 Extra"]
[Source "ChessBase"]
[SourceDate "2014.08.29"]
[SourceVersion "1"]
[SourceVersionDate "2014.08.29"]
[SourceQuality "1"]

1. d4 Nf6 2. c4 g6 3. Nc3 d5 4. f3 Bg7 5. Bg5 c6 6. e3 0-0 7. Bd3 Na6 8. cxd5 cxd5 9. Bxa6 bxa6 10. Nge2 Rb8 11. Qd2 Bb7 12. 0-0 Rc8 13. Rfc1 Qd7 14. b3 Bc6 15. Rc2 h6 16. Bh4 g5 17. Bf2 Qf5 18. Ng3 Qg6 19. Rac1 h5 20. Na4 Nd7 21. Nxh5 f5 22. Nxg7 Kxg7 23. Nc5 Nxc5 24. Rxc5 Rh8 25. Bg3 Rh6 26. Rxd5 Bxd5 27. Rxc8 Bc6 28. d5 Bd7 29. Rc7 Qe8 30. Qd4+ Kf7 31. Qxa7 Bb5 32. d6 Re6 33. Qc5 Kf6 34. Qd4+ Kg6 35. d7 Qd8 36. Rc8 Qxd7 37. Rg8+ Kh5 38. Qh8+ Rh6 39. Rxg5+ Kxg5 40. Bf4+ Kg6 41. Qxh6+ Kf7 42. h4 Qd1+ 43. Kh2 Qc2 44. Qh7+ Ke8 45. Qg8+ Kd7 46. Qd5+ Ke8 47. e4 Bf1 48. Qd2 Qc5 49. exf5 Qxf5 50. g4 Qf6 51. Kg3 Bb5 52. Qe3 Bc6 53. Qe5 Qg6 54. Qh5 Qxh5 55. gxh5 Kf7 56. Be5 Kg8 57. Kg4 Kh7 58. f4 Bd7+ 59. Kg5 e6 60. Kf6 Kh6 61. Ke7 Bc8 62. Kd6 a5 63. Bc3 Kxh5 64. Bxa5 Kxh4 65. Bc7 Kg4 66. Kc6 Ba6 67. b4 Bc4 68. a4 Bd5+ 69. Kc5 Kf5 70. Be5 Bf3 71. b5 Kg6 72. b6 Kf7 73. Kd6 Bb7 74. Kc7 Ba6 75. b7 1-0

[Event "SUI-ch U14"]
[Site "Cham"]
[Date "2014.07.03"]
[Round "1"]
[White "Walk, David"]
[Black "Naegelin, Lars"]
[Result "1/2-1/2"]
[WhiteElo "1613"]
[BlackElo "1838"]
[PlyCount "91"]
[EventDate "2014.07.03"]
[EventType "swiss"]
[EventRounds "7"]
[EventCountry "SUI"]
[SourceTitle "CBM 161 Extra"]
[Source "ChessBase"]
[SourceDate "2014.08.29"]
[SourceVersion "1"]
[SourceVersionDate "2014.08.29"]
[SourceQuality "1"]

1. c4 e5 2. Nc3 Nf6 3. g3 Bc5 4. Bg2 0-0 5. Nf3 Nc6 6. 0-0 d6 7. d3 h6 8. Bd2 a6 9. a3 Nh5 10. Qc2 f5 11. e3 f4 12. Nd5 Ne7 13. Nh4 Re8 14. exf4 exf4 15. Nxe7+ Rxe7 16. Ng6 Re8 17. Nxf4 Nxf4 18. Bxf4 c6 19. Rae1 Bg4 20. Rxe8+ Qxe8 21. b4 g5 22. bxc5 gxf4 23. cxd6 f3 24. Bh1 Qe6 25. c5 Re8 26. Qd2 Kh7 27. Rb1 Qf7 28. Re1 Re2 29. Rxe2 fxe2 30. d7 Qxd7 31. f3 Qd4+ 32. Kg2 Qe5 33. Kf2 Qd4+ 34. Kxe2 Qg1 35. fxg4 Qxh2+ 36. Ke3 Qxh1 37. d4 Qg1+ 38. Kf3 Qf1+ 39. Qf2 Qxf2+ 40. Kxf2 Kg6 41. Ke3 Kg5 42. Kf3 Kg6 43. Kf4 Kf6 44. Ke3 Ke7 45. Kf4 Kf6 46. Ke3 1/2-1/2

[Event "SUI-ch U10"]
[Site "St Ursanne"]
[Date "2011.07.03"]
[Round "7"]
[White "Naegelin, Lars"]
[Black "Hofmann, Colin"]
[Result "0-1"]
[WhiteElo "1554"]
[BlackElo "1586"]
[PlyCount "102"]
[EventDate "2011.06.30"]
[EventType "tourn"]
[EventRounds "7"]
[EventCountry "SUI"]
[SourceTitle "EXT 2012"]
[Source "ChessBase"]
[SourceDate "2011.11.24"]
[SourceVersion "1"]
[SourceVersionDate "2011.11.24"]
[SourceQuality "1"]

1. e4 e5 2. Nf3 Nc6 3. Bc4 Bc5 4. Nc3 Nf6 5. d3 d6 6. Bg5 Be6 7. Nd5 Bxd5 8. Bxd5 h6 9. Bh4 g5 10. Bxc6+ bxc6 11. Bg3 0-0 12. Nd2 Kg7 13. h4 g4 14. h5 Qd7 15. Nb3 Bb6 16. Qe2 Rab8 17. 0-0-0 Rfe8 18. f4 gxf3 19. gxf3 Kh7 20. Bf2 Rg8 21. Be3 Ra8 22. Qd2 Bxe3 23. Qxe3 Rg5 24. Rh2 Rxh5 25. Rxh5 Nxh5 26. Rh1 Nf4 27. Qf2 c5 28. Qh4 Qe6 29. Nd2 Rg8 30. Qh2 Qg6 31. Nc4 h5 32. Ne3 Qg3 33. Ng4 Qxh2 34. Rxh2 Kg6 35. Ne3 Rh8 36. Nf5 Kg5 37. Kd1 h4 38. Ke1 h3 39. Kf2 d5 40. Ng3 dxe4 41. Nxe4+ Kh4 42. Nf6 Rh6 43. Ng4 Rh5 44. Nf6 Rg5 45. Ne4 Rg2+ 46. Rxg2 hxg2 47. Kg1 f5 48. Nf2 Kg3 49. Nh1+ gxh1Q+ 50. Kxh1 Kxf3 51. Kg1 Ke2 0-1

[Event "SUI-ch U10"]
[Site "St Ursanne"]
[Date "2011.07.01"]
[Round "3"]
[White "Naegelin, Lars"]
[Black "Perman, Denis"]
[Result "0-1"]
[WhiteElo "1554"]
[BlackElo "1790"]
[PlyCount "74"]
[EventDate "2011.06.30"]
[EventType "tourn"]
[EventRounds "7"]
[EventCountry "SUI"]
[SourceTitle "EXT 2012"]
[Source "ChessBase"]
[SourceDate "2011.11.24"]
[SourceVersion "1"]
[SourceVersionDate "2011.11.24"]
[SourceQuality "1"]

1. e4 c5 2. Nf3 d6 3. d4 cxd4 4. Nxd4 Nf6 5. Nc3 g6 6. Bc4 Bg7 7. 0-0 0-0 8. Be3 Ng4 9. h3 Nxe3 10. fxe3 Nc6 11. Nce2 Bd7 12. c3 e6 13. Nf3 Ne5 14. Bb3 Nxf3+ 15. Rxf3 Bc6 16. Qd3 Qe7 17. Qc2 f5 18. Rff1 Bxe4 19. Qd2 Kh8 20. Nf4 d5 21. Ne2 Be5 22. Nd4 Rae8 23. Bc2 Bxc2 24. Qxc2 Rc8 25. Qe2 Rf7 26. Rae1 Rcf8 27. Rf3 Bb8 28. Qc2 e5 29. Ne2 e4 30. Rff1 Qc5 31. Nd4 Qd6 32. Ne2 g5 33. Qd2 f4 34. exf4 gxf4 35. Nd4 f3 36. gxf3 Rg7+ 37. Kh1 Qg3 0-1

[Event "SUI-ch U10"]
[Site "St Ursanne"]
[Date "2011.07.01"]
[Round "4"]
[White "Walk, David"]
[Black "Naegelin, Lars"]
[Result "0-1"]
[WhiteElo "1344"]
[BlackElo "1554"]
[PlyCount "50"]
[EventDate "2011.06.30"]
[EventType "tourn"]
[EventRounds "7"]
[EventCountry "SUI"]
[SourceTitle "EXT 2012"]
[Source "ChessBase"]
[SourceDate "2011.11.24"]
[SourceVersion "1"]
[SourceVersionDate "2011.11.24"]
[SourceQuality "1"]

1. e4 e5 2. Nf3 Nc6 3. Bb5 Bc5 4. d3 Nf6 5. Nc3 0-0 6. Bg5 h6 7. Bh4 d6 8. Nd5 g5 9. Bg3 Bg4 10. h4 Nh7 11. hxg5 hxg5 12. Qd2 Bxf3 13. Bxc6 bxc6 14. Ne3 Bxe3 15. Qxe3 Bg4 16. f3 Be6 17. 0-0-0 f6 18. Bf2 Rf7 19. g3 d5 20. f4 d4 21. Qf3 Kf8 22. Rh2 Ke8 23. Rdh1 Nf8 24. Rh8 f5 25. exf5 Bd5 0-1

[Event "SUI-ch U10"]
[Site "St Ursanne"]
[Date "2011.06.30"]
[Round "1"]
[White "Zaza, Alexandre"]
[Black "Naegelin, Lars"]
[Result "0-1"]
[WhiteElo "1396"]
[BlackElo "1554"]
[PlyCount "64"]
[EventDate "2011.06.30"]
[EventType "tourn"]
[EventRounds "7"]
[EventCountry "SUI"]
[SourceTitle "EXT 2012"]
[Source "ChessBase"]
[SourceDate "2011.11.24"]
[SourceVersion "1"]
[SourceVersionDate "2011.11.24"]
[SourceQuality "1"]

1. e4 e5 2. Nf3 Nc6 3. Bb5 Bc5 4. Nc3 Nf6 5. 0-0 0-0 6. d3 h6 7. Be3 Bxe3 8. fxe3 d6 9. Bxc6 bxc6 10. d4 Ng4 11. Qe1 Bb7 12. h3 Nf6 13. dxe5 dxe5 14. Nxe5 Re8 15. Rd1 Qc8 16. Nd3 Nxe4 17. Nxe4 Rxe4 18. Qf2 Re7 19. Nb4 Qe6 20. Rd3 Rb8 21. Rb3 Rf8 22. Rc3 Rb8 23. Rb3 Ree8 24. Rc3 c5 25. Qf4 cxb4 26. Rxc7 Qg6 27. Qxf7+ Qxf7 28. Rfxf7 Be4 29. Rxg7+ Kh8 30. c4 bxc3 31. bxc3 Rg8 32. Rge7 Rxg2+ 0-1

[Event "SUI-ch U10"]
[Site "Belp"]
[Date "2010.07.02"]
[Round "2"]
[White "Brandis, Benjamin"]
[Black "Naegelin, Lars"]
[Result "1-0"]
[WhiteElo "1599"]
[BlackElo "1533"]
[PlyCount "47"]
[EventDate "2010.07.01"]
[EventType "tourn"]
[EventRounds "7"]
[EventCountry "SUI"]
[SourceTitle "EXT 2012"]
[Source "ChessBase"]
[SourceDate "2011.11.24"]
[SourceVersion "1"]
[SourceVersionDate "2011.11.24"]
[SourceQuality "1"]

1. d4 d5 2. c4 Nf6 3. cxd5 Nxd5 4. e4 Nf6 5. Nc3 e6 6. Bg5 Be7 7. Nf3 a6 8. Bd3 Nc6 9. 0-0 h6 10. Bh4 0-0 11. Bxf6 Bxf6 12. e5 Be7 13. d5 exd5 14. Nxd5 Be6 15. Nf4 Bg4 16. e6 fxe6 17. h3 Bxf3 18. Qxf3 e5 19. Bc4+ Rf7 20. Bxf7+ Kxf7 21. Qb3+ Ke8 22. Qg8+ Kd7 23. Rad1+ Bd6 24. Qe6# 1-0